00777nam a2200181 a 450000100100000000500170001000800410002704000250006810000270009324500880012026000560020830000210026449000160028559000760030183000230037795201780040099900170057800003533920200930074253.0111027s1964 fr 000 0 spa d aDO-SdBNPbspacBNPHU1 aMounin, Georges96112310aMachiavel :bsa vie, son oeuvre avec un expose de sa philosophie /cGeorges Mounin. aFrancia :bPresses Universitaires de France,c1964. a102 p. ;c19 cm.1 aPhilosophes aPerteneció a la biblioteca personal de Juan Isidro Jimenes Grullón. 0aPhilosophes961124 001050718MOaGRbGRcCTd2011-10-27iLF1l0o p35339-10r2020-06-25w2020-06-25y1zPerteneció a la biblioteca personal de Juan Isidro Jimenes Grullón.ZNo se presta c34830d34830